000 00722nam a2200229Ii 4500
003 JO-AjNU
008 230605s9999||||xx |||||||||||||| ||und||
017 _a2013/10/3635
020 _a978-9957-490-53-6
040 _aJO-AjNU
_bara
_erda
_cJO-AjNU
041 _aara
050 1 4 _ap96. 2014
100 3 _aموسى، عيسى,
_eauthor
_964351
245 0 0 _aالاعلام والبيئة
250 _aط1
264 3 1 _aعمان: دار المعتز للنشر والتوزيع، 2014
300 _a336ص
_bيحتوي على جداول توضيحية
336 _atext
_btxt
_2rdacontent
337 _aunmediated
_bn
_2rdamedia
338 _avolume
_bnc
_2rdacarrier
650 4 _aالاعلام-البيئة
_964352
999 _aA29239
_c32807
_d32807